Statistiken für Top-Produzenten #8

Klicken Sie hier um das Quiz zu spielen!

Allgemein

  • Dieses Quiz wurde 87 mal gespielt
  • Das Durchschnittsergebnis liegt bei 14 aus 20

Antwortstatistiken

HintCountry% Korrekt
4#Vereinigte Staaten
96%
2#Vereinigte Staaten
96%
1#China
93%
4#China
93%
1#China
93%
3#Italien
93%
5#Spanien
93%
4#Frankreich
91%
3#Brasilien
90%
2#Indien
87%
1#Russland
87%
5##Mexiko
80%
2#Polen
79%
4#Indonesien
72%
5#Ukraine
72%
3#Nigeria
43%
1#Birma
18%
3#Serbien
18%
5#Tansania
13%
2#Uganda
7%

Verteilung der Resultate

Perzentil nach korrekt beantworteten Fragen

Anzahl Personen mit jedem Resultat

Ihre Resultats-Entwicklung

Sie haben dieses Quiz noch nicht gespielt